00537nam a22001577a 4500020001800000082001600018100001900034245005100053260005300104300001400157650002200171700001900193942000700212999001900219952014100238 a9780199453780 a001.42 PHA  aPhanse Sameer  aResearch methodology logic, Methods and cases  aNew Delhi India bOxford university press c2016 a727bP.B  aResearch Methods  aSameer Phanse  cBK c490574d490574 001040708CSaCLbCLcCSd2016-12-22eAllied book company g940.00l2o001.42 PHApSEECS013627r2024-02-02s2021-11-16w2016-12-22yBK